International Journal of Information Technology (Record no. 11894)

MARC details
000 -LEADER
fixed length control field 00496nas a22001817a 4500
003 - CONTROL NUMBER IDENTIFIER
control field OSt
005 - DATE AND TIME OF LATEST TRANSACTION
control field 20230327121643.0
008 - FIXED-LENGTH DATA ELEMENTS--GENERAL INFORMATION
fixed length control field 230327b |||||||| |||| 00| 0 eng d
022 ## - INTERNATIONAL STANDARD SERIAL NUMBER
Source 25112104
040 ## - CATALOGING SOURCE
Transcribing agency NA
082 ## - DEWEY DECIMAL CLASSIFICATION NUMBER
Classification number 615
Item number Information Technology
245 ## - TITLE STATEMENT
Title International Journal of Information Technology
Medium English
260 ## - PUBLICATION, DISTRIBUTION, ETC. (IMPRINT)
Place of publication, distribution, etc New Delhi
Name of publisher, distributor, etc Springer
310 ## - CURRENT PUBLICATION FREQUENCY
Current publication frequency 6/Year
650 ## - SUBJECT ADDED ENTRY--TOPICAL TERM
Topical term or geographic name as entry element Information Technology
856 ## - ELECTRONIC LOCATION AND ACCESS
Uniform Resource Identifier <a href="https://www.springer.com/journal/41870">https://www.springer.com/journal/41870</a>
942 ## - ADDED ENTRY ELEMENTS (KOHA)
Source of classification or shelving scheme Dewey Decimal Classification
Koha item type Periodicals
Serial record 1
Holdings
Withdrawn status Lost status Source of classification or shelving scheme Damaged status Not for loan Home library Current library Shelving location Date acquired Serial Enumeration / Volume No. Total Checkouts Date last seen Bill Date Koha item type
    Dewey Decimal Classification     PIET C-LIBRARY PIET C-LIBRARY Periodical Section 27/03/2023 Vol 15, No 1   27/03/2023 27/03/2023 Periodicals
    Dewey Decimal Classification     PIET C-LIBRARY PIET C-LIBRARY Periodical Section 27/03/2023 Vol 15, No 2   27/03/2023 27/03/2023 Periodicals

Design & Developed by: PIET Central Library
R70 Miles Stone Pattikalyana Samalkha Panipat 132102
mail ID :- [email protected], Phone No:- 0180-2569700 Ex.216